'G' Cartoon Characters by Picture Quiz Stats

Quiz Updated May 8, 2016

Challenge
Share
Tweet
Score 0/20 Timer 06:00
3 Plays Today
Column Character % Correct
Garfield
97.7%
Goofy
97.1%
Genie
93.3%
Grumpy
93%
Gingerbread Man
89.7%
Gary
77.2%
Gaston
74.4%
Green Lantern
73.9%
George Jetson
73.8%
Gromit
67.3%
Column Character % Correct
Gumby
59.2%
Gepetto
59.1%
Glenn Quagmire
54.7%
Gloria the Hippo
48.3%
Goku
44.7%
Gargamel
42.5%
Gill
37.8%
Great Grape Ape
27.5%
Great Gazoo
25.5%
Guido
19.6%

You're not logged in!

Compare scores with friends on all Sporcle quizzes.
Sign Up with Email
OR
Log In

You Might Also Like...

Show Comments

Extras

Top Quizzes Today


Score Distribution

Your Account Isn't Verified!

In order to create a playlist on Sporcle, you need to verify the email address you used during registration. Go to your Sporcle Settings to finish the process.